Wilson and Walker's Principles and Techniques of Biochemistry and Molecular Biology (Record no. 60662)

MARC details
000 -LEADER
fixed length control field 00499nam a2200181Ia 4500
008 - FIXED-LENGTH DATA ELEMENTS--GENERAL INFORMATION
fixed length control field 230524s9999 xx 000 0 und d
020 ## - INTERNATIONAL STANDARD BOOK NUMBER
ISBN 9781108716987
082 ## - DEWEY DECIMAL CLASSIFICATION NUMBER
Classification number 572
Item number HOF
100 ## - MAIN ENTRY--AUTHOR NAME
Personal name Andreas Hofmann
245 #0 - TITLE STATEMENT
Title Wilson and Walker's Principles and Techniques of Biochemistry and Molecular Biology
250 ## - EDITION STATEMENT
Edition statement 8
260 ## - PUBLICATION, DISTRIBUTION, ETC. (IMPRINT)
Place of publication New Delhi
Name of publisher Cambridge
Year of publication 2021
300 ## - PHYSICAL DESCRIPTION
Number of Pages "xxx,929p;"
500 ## - GENERAL NOTE
General note Quantity Number: 3
650 ## - SUBJECT ADDED ENTRY--TOPICAL TERM
Topical Term Biotechnology
700 ## - ADDED ENTRY--PERSONAL NAME
Personal name Samuel Clokie
942 ## - ADDED ENTRY ELEMENTS (KOHA)
Koha item type Books
Holdings
Lost status Damaged status Permanent Location Current Location Shelving location Date acquired Full call number Accession Number Koha item type
    Central Library, Trident Academy of Technology Central Library, Trident Academy of Technology General Stacks 05/24/2023 572 HOF 59820 Books
    Central Library, Trident Academy of Technology Central Library, Trident Academy of Technology General Stacks 05/24/2023 572 HOF 59821 Books
    Central Library, Trident Academy of Technology Central Library, Trident Academy of Technology General Stacks 05/24/2023 572 HOF 59822 Books
Trident Academy of Technology © 2023.
All rights reserved.                                                                                                                                                                                                        Designed by Team of Central Library .

Powered by Koha